Welcome to CU Library Online Public Access Catalogue (OPAC)

The complete word study Old Testament : (Record no. 5237)

MARC details
000 -LEADER
fixed length control field 00847cam a2200205 a 4500
001 - CONTROL NUMBER
control field 2565211
005 - DATE AND TIME OF LATEST TRANSACTION
control field 20250326201128.0
008 - FIXED-LENGTH DATA ELEMENTS--GENERAL INFORMATION
fixed length control field 950208s1994 tnu 000 0 eng
020 ## - INTERNATIONAL STANDARD BOOK NUMBER
International Standard Book Number 0899576656
050 00 - LIBRARY OF CONGRESS CALL NUMBER
Classification number BS885 1994
Item number .C43
082 00 - DEWEY DECIMAL CLASSIFICATION NUMBER
Classification number 220.5/2034
Edition information 20
245 14 - TITLE STATEMENT
Title The complete word study Old Testament :
Statement of responsibility, etc. King James Version.
260 ## - PUBLICATION, DISTRIBUTION, ETC.
Place of publication, distribution, etc. Chattanooga, TN :
Name of publisher, distributor, etc. AMG Publishers,
Date of publication, distribution, etc. 1994.
300 ## - PHYSICAL DESCRIPTION
Extent 2482, 126 p. ;
Dimensions 24 cm.
500 ## - GENERAL NOTE
General note "Words in the text numerically coded to Strong's Hebrew dictionary, introduction to each book, exegetical notes, grammatical codes on the text, lexical aids, translational reference index, and Strong's Hebrew dictionary."
500 ## - GENERAL NOTE
General note "Codes to the grammatical notations" inserted.
650 #0 - SUBJECT ADDED ENTRY--TOPICAL TERM
Topical term or geographic name entry element Hebrew language
General subdivision Dictionaries
-- English.
700 1# - ADDED ENTRY--PERSONAL NAME
Personal name Strong, James,
Dates associated with a name 1822-1894.
942 ## - ADDED ENTRY ELEMENTS (KOHA)
Source of classification or shelving scheme Library of Congress Classification
Koha item type Books
Suppress in OPAC No
999 ## -
-- 5237
-- 5237
Holdings
Withdrawn status Lost status Source of classification or shelving scheme Damaged status Not for loan Collection Home library Current library Shelving location Date acquired Total checkouts Full call number Barcode Date last seen Copy number Price effective from Koha item type
    Library of Congress Classification     Non-fiction Business Library (Miotso) Business Library (Miotso) General stacks 03/26/2025   BS 885 COM REF. BSSM00001633 03/26/2025 1 03/26/2025 Books
© 2023-2024 Copyright: Central University Libraries. All Rights Reserved | Created by: Mahone Tech Office